000 00939nam a2200229Ii 4500
003 JO-AjNU
008 230605s9999||||xx |||||||||||||| ||und||
017 _a2015/3/1400
020 _a978-9957-608-15-6
040 _aJO-AjNU
_bara
_erda
_cJO-AjNU
041 _aara
050 1 4 _aHD37 2016
100 3 _aالياسري، اكرم محسن، م.مشارك حيدر محمد كريم الدحيد حاوي,
_eauthor
_958173
245 0 0 _aمستجدات فكرية في عالم ادارة الاعمال: تصميم برنامج محوسب لتقييم جودة الخدمة المصرفية من وجهتي نظر المديرين والزبائن، ج3
250 _aط1
264 3 1 _aعمان: الدار المنهجية للنشر، 2016
300 _aج3: 191ص
336 _atext
_btxt
_2rdacontent
337 _aunmediated
_bn
_2rdamedia
338 _avolume
_bnc
_2rdacarrier
650 4 _aادارة الاعمال
_958174
999 _aA26110
_c29678
_d29678